000 00769nam a2200229 a 4500
001 BRCA_7476
005 20190320205842.0
008 240413s2012----nyua######---#000-0#eng-#
020 _a9781588394552
020 _a9780300179491
041 _aeng
044 _anyu
050 4 _aN610
_b.M48 2012
245 1 0 _aThe Metropolitan Museum of Art Guide
_cintroduction by Thomas P. Campbell.
260 _aNueva York
_bMetropolitan Museum of Art ; Yale University Press
_c2012
300 _a408 p.
_bil. a color
_c25 cm.
500 _aIncluye índice de obras
610 2 4 _aMetropolitan Museum of Art (Nueva York, N.Y.)
_vCatálogos
_xColecciones de arte
_918399
650 1 4 _aArte
_vCatálogos
_zNueva York
_918400
700 1 _aCampbell, Thomas P.
_918401
942 _2lcc
_cB
999 _c7151
_d7151